Los actuales desafo̕s del proceso de globalizacin̤

Detalles Bibliográficos
Autor principal: Vieira Posada, Edgar
Formato: eBook
Lenguaje:español
Publicado: Medelln̕: Universidad Cooperativa de Colombia, 2016
Materias:
Acceso en línea:Acceso restringido

MARC

LEADER 00000nam a22000007a 4500
005 2019081307137.0
007 cr|||| ||||
008 190813s2016 co |||||s|||| 00||0 spa d
020 |a 978-958-760-055-1 
035 |a 23988 
040 |a vLex 
090 |c 9156  |d 9156 
100 1 |a Vieira Posada, Edgar 
245 1 3 |a Los actuales desafo̕s del proceso de globalizacin̤  |h [Recurso electrn̤ico] /  |c Edgar Vieira Posada 
256 |a Servicio en ln̕ea 
260 |a Medelln̕:  |b Universidad Cooperativa de Colombia,  |c 2016 
300 |a 1 recurso electrn̤ico 
506 1 |a Disponible solo en los productos indicados  |d vLex Global  |d vLex Global (Academic Edition, excluding Law Schools)  |d vLex Global (U.S. Academic Edition, Law Schools)  |d vLex Global (U.S. Academic Edition, excluding Law Schools)  |d vLex Global (Academic Edition, Law Schools) 
650 0 4 |a Derecho Internacional  |z Colombia 
740 0 |a vLex Libros (Servicio en ln̕ea) 
856 4 0 |u http://vlex.com/source/actuales-desafios-proceso-globalizacion-23988  |z Acceso restringido 
942 |c BOOK 
999 0 |a International right